Winner and Loser of Every Presidential Election (1788-2024) - Statistics

General Stats
  • This quiz has been taken 44 times
    4 since last reset
  • The average score is 61 of 117
Answer Stats
Hint Answer % Correct
1788-89 George Washington
100%
1792 George Washington
100%
1796 John Adams
100%
1796 Thomas Jefferson
100%
1800 Thomas Jefferson
100%
1860 Abraham Lincoln
50%
1864 Abraham Lincoln
50%
1952 Adlai Stevenson II
50%
1956 Adlai Stevenson II
50%
1936 Alf Landon
50%
2000 Al Gore
50%
1928 Al Smith
50%
1904 Alton Parker
50%
1824 Andrew Jackson
50%
1828 Andrew Jackson
50%
1832 Andrew Jackson
50%
2008 Barack Obama
50%
2012 Barack Obama
50%
1964 Barry Goldwater
50%
1888 Benjamin Harrison
50%
1892 Benjamin Harrison
50%
1992 Bill Clinton
50%
1996 Bill Clinton
50%
1996 Bob Dole
50%
1924 Calvin Coolidge
50%
1916 Charles Evans Hughes
50%
1804 Charles Pinckney
50%
1808 Charles Pinckney
50%
1812 DeWitt Clinton
50%
2016 Donald Trump
50%
2020 Donald Trump
50%
2024 Donald Trump
50%
1952 Dwight D. Eisenhower
50%
1956 Dwight D. Eisenhower
50%
1932 Franklin D. Roosevelt
50%
1936 Franklin D. Roosevelt
50%
1940 Franklin D. Roosevelt
50%
1944 Franklin D. Roosevelt
50%
1852 Franklin Pierce
50%
1864 George B. McClellan
50%
1988 George H.W. Bush
50%
1992 George H.W. Bush
50%
1972 George McGovern
50%
2000 George W. Bush
50%
2004 George W. Bush
50%
1976 Gerald Ford
50%
1884 Grover Cleveland
50%
1888 Grover Cleveland
50%
1892 Grover Cleveland
50%
1948 Harry Truman
50%
1844 Henry Clay
50%
1928 Herbert Hoover
50%
1932 Herbert Hoover
50%
2016 Hillary Clinton
50%
1872 Horace Greeley
50%
1868 Horatio Seymour
50%
1968 Hubert Humphrey
50%
1884 James Blaine
50%
1856 James Buchanan
50%
1920 James Cox
50%
1880 James Garfield
50%
1844 James K. Polk
50%
1808 James Madison
50%
1812 James Madison
50%
1816 James Monroe
50%
1820 James Monroe
50%
1976 Jimmy Carter
50%
1980 Jimmy Carter
50%
2020 Joe Biden
50%
1800 John Adams
50%
1856 John C. Frémont
50%
1960 John F. Kennedy
50%
2004 John Kerry
50%
2008 John McCain
50%
1824 John Quincy Adams
50%
1828 John Quincy Adams
50%
1924 John W. Davis
50%
2024 Kamala Harris
50%
1848 Lewis Cass
50%
1964 Lyndon B. Johnson
50%
1836 Martin Van Buren
50%
1840 Martin Van Buren
50%
1988 Michael Dukakis
50%
2012 Mitt Romney
50%
1960 Richard Nixon
50%
1968 Richard Nixon
50%
1972 Richard Nixon
50%
1980 Ronald Reagan
50%
1984 Ronald Reagan
50%
1816 Rufus King
50%
1876 Rutherford B. Hayes
50%
1876 Samuel Tilden
50%
1860 Stephen Douglas
50%
1904 Theodore Roosevelt
50%
1944 Thomas Dewey
50%
1948 Thomas Dewey
50%
1804 Thomas Jefferson
50%
1868 Ulysses S. Grant
50%
1872 Ulysses S. Grant
50%
1984 Walter Mondale
50%
1920 Warren Harding
50%
1940 Wendell Willkie
50%
1836 William Henry Harrison
50%
1840 William Henry Harrison
50%
1908 William Howard Taft
50%
1912 William Howard Taft
50%
1896 William Jennings Bryan
50%
1900 William Jennings Bryan
50%
1908 William Jennings Bryan
50%
1896 William McKinley
50%
1900 William McKinley
50%
1852 Winfield Scott
50%
1880 Winfield Scott Hancock
50%
1912 Woodrow Wilson
50%
1916 Woodrow Wilson
50%
1848 Zachary Taylor
50%
1832 Henry Clay
0%
No matching quizzes found
Score Distribution
Percent of People with Each Score
Percentile by Number Answered
Your Score History
You have not taken this quiz since the last reset